| 000 | 00684nam a2200241Ia 4500 | ||
|---|---|---|---|
| 003 | OSt | ||
| 005 | 20220924125455.0 | ||
| 006 | a|||||r|||| 00| 0 | ||
| 007 | ta | ||
| 008 | 220923b |||||||| |||| 00| 0 san d | ||
| 024 | _a63289 | ||
| 037 | _cTextual | ||
| 040 |
_aARTS _cARTS _bsan |
||
| 041 |
_2san _asan |
||
| 082 | _aQ22:223:g(R3), K0.1 | ||
| 100 |
_aBhattacarya Siddhesvara _9198311 |
||
| 245 | 0 | _aPhilosophy of Srimad Bhagavata | |
| 260 |
_aSantiniketan _bVisva-Bharati India _c1960 |
||
| 300 |
_a389p. _ccm. |
||
| 650 | _aENGLISH LITERATURE | ||
| 942 |
_hQ22:223:g(R3), K0.1 _cTEXL _2CC |
||
| 999 |
_c422695 _d422695 |
||